000 01054nam a2200229 4500
005 20210511185606.0
008 210511s1992 us ab||fr|||| 001 0 eng d
020 _a9150609033
040 _aCENDOC CAAAP
_bspa
_cCAAAP
041 _aeng
050 _aGN 470.7
_bA31
100 1 _92103
_aAgüero, Oscar Alfredo
245 1 4 _aThe millenium among the Tupí-Cocama :
_ba case of religious ethno-dynamism in the peruvian Amazon /
_cOscar Alfredo Agüero
250 _a1ra ed.
260 _aUppsala :
_bUppsaña University,
_c1992
300 _a132 p.
505 _aContiene : Introduction -- Who are the Tupí-cocama? -- The religious field in the region of Nauta -- Description of the religious field of the religious field od the Bethren of the Cross -- Religious cosmology of the Tupí-Cocama Brethtrn of the Cross: Synchretic aspects -- Villa Alterosa --The evil of the wordl -- Conclusions.
650 1 0 _92125
_aIndígenas cocama
_xVida y costumbres
650 2 0 _931
_aMisiones Religiosas
650 0 _9688
_aEtnología
942 _2lcc
_b11 - 05 - 21
_cBK
999 _c1262
_d1262